[Event "ODJM B 2023"]
[Site "Willingen GER"]
[Date "2023.05.31"]
[Round "6"]
[White "Dorendorf, Mika"]
[Black "Weis, Constantin"]
[Result "1/2-1/2"]
[Termination "normal"]
[Board "4"]
[WhiteElo "1782"]
[BlackElo "1677"]
[WhiteClock "00:57:36"]
[BlackClock "00:05:42"]
[PlyCount "83"]
[WhiteFideId "16283066"]
[BlackFideId "16286197"]
[EventCountry "GER"]
[EventRounds "9"]
[EventType "swiss"]
[EventDate "2023.05.27"]

1. d4 {[%clk 01:30:59]} Nf6 {[%clk 01:30:52]} {[%emt 00:00:08]} 2. c4 {[%clk
01:31:26]} {[%emt 00:00:04]} e6 {[%clk 01:30:56]} {[%emt 00:00:26]} 3. Nc3
{[%clk 01:31:50]} {[%emt 00:00:05]} d5 {[%clk 01:31:22]} {[%emt 00:00:04]} 4.
cxd5 {[%clk 01:32:16]} {[%emt 00:00:04]} exd5 {[%clk 01:31:39]} {[%emt
00:00:13]} 5. Bg5 {[%clk 01:32:41]} {[%emt 00:00:05]} c6 {[%clk 01:31:09]}
{[%emt 00:01:01]} 6. Qc2 {[%clk 01:32:53]} {[%emt 00:00:18]} Be7 {[%clk
01:29:26]} {[%emt 00:02:12]} 7. e3 {[%clk 01:33:18]} {[%emt 00:00:06]} O-O
{[%clk 01:27:34]} {[%emt 00:02:21]} 8. Bd3 {[%clk 01:33:45]} {[%emt 00:00:03]}
h6 {[%clk 01:27:48]} {[%emt 00:00:16]} 9. Bh4 {[%clk 01:34:10]} {[%emt
00:00:05]} Re8 {[%clk 01:27:51]} {[%emt 00:00:28]} 10. Nf3 {[%clk 01:34:22]}
{[%emt 00:00:17]} Nbd7 {[%clk 01:20:25]} {[%emt 00:07:56]} 11. O-O {[%clk
01:32:56]} {[%emt 00:01:55]} Ne4 {[%clk 01:19:50]} {[%emt 00:01:07]} 12. Bxe7
{[%clk 01:33:17]} {[%emt 00:00:09]} Qxe7 {[%clk 01:20:18]} {[%emt 00:00:01]}
13. Rab1 {[%clk 01:33:26]} {[%emt 00:00:22]} Nd6 {[%clk 01:05:51]} {[%emt
00:14:56]} 14. b4 {[%clk 01:32:03]} {[%emt 00:01:53]} b5 {[%clk 01:05:23]}
{[%emt 00:00:58]} 15. a4 {[%clk 01:31:15]} {[%emt 00:01:19]} a6 {[%clk
01:05:30]} {[%emt 00:00:23]} 16. a5 {[%clk 01:30:59]} {[%emt 00:00:46]} Rb8
{[%clk 00:54:52]} {[%emt 00:11:08]} 17. Nd2 {[%clk 01:30:51]} {[%emt 00:00:37]}
Nc4 {[%clk 00:51:56]} {[%emt 00:03:26]} 18. Qa2 {[%clk 01:24:00]} {[%emt
00:07:21]} Nf6 {[%clk 00:46:28]} {[%emt 00:05:58]} 19. Rfe1 {[%clk 01:21:21]}
{[%emt 00:03:10]} Nxd2 {[%clk 00:44:20]} {[%emt 00:02:37]} 20. Qxd2 {[%clk
01:21:34]} {[%emt 00:00:17]} Ne4 {[%clk 00:44:35]} {[%emt 00:00:15]} 21. Bxe4
{[%clk 01:21:10]} {[%emt 00:00:55]} dxe4 {[%clk 00:44:55]} {[%emt 00:00:09]}
22. Rec1 {[%clk 01:20:01]} {[%emt 00:01:39]} Be6 {[%clk 00:36:57]} {[%emt
00:08:29]} 23. Ne2 {[%clk 01:18:25]} {[%emt 00:02:06]} Bc4 {[%clk 00:35:47]}
{[%emt 00:01:39]} 24. Rc3 {[%clk 01:18:25]} {[%emt 00:00:31]} Rbd8 {[%clk
00:35:13]} {[%emt 00:01:03]} 25. Qe1 {[%clk 01:15:41]} {[%emt 00:03:12]} Qf6
{[%clk 00:32:29]} {[%emt 00:03:16]} 26. Nc1 {[%clk 01:13:44]} {[%emt 00:02:28]}
Qd6 {[%clk 00:30:48]} {[%emt 00:02:10]} 27. Ra3 {[%clk 01:11:02]} {[%emt
00:03:12]} h5 {[%clk 00:29:29]} {[%emt 00:01:49]} 28. Nb3 {[%clk 01:08:46]}
{[%emt 00:02:46]} Ra8 {[%clk 00:23:36]} {[%emt 00:06:23]} 29. Nc5 {[%clk
01:08:14]} {[%emt 00:01:02]} g6 {[%clk 00:23:19]} {[%emt 00:00:47]} 30. Rc3
{[%clk 01:07:46]} {[%emt 00:00:59]} Bd5 {[%clk 00:22:51]} {[%emt 00:00:57]} 31.
Qc1 {[%clk 01:07:34]} {[%emt 00:00:42]} Kh7 {[%clk 00:21:56]} {[%emt 00:01:25]}
32. Rb2 {[%clk 01:07:21]} {[%emt 00:00:44]} Kg8 {[%clk 00:17:57]} {[%emt
00:04:28]} 33. Qd2 {[%clk 01:06:08]} {[%emt 00:01:43]} Kh7 {[%clk 00:15:40]}
{[%emt 00:02:48]} 34. Rc1 {[%clk 01:06:29]} {[%emt 00:00:08]} Qe7 {[%clk
00:15:11]} {[%emt 00:00:59]} 35. Qc3 {[%clk 01:05:33]} {[%emt 00:01:26]} Qd6
{[%clk 00:13:42]} {[%emt 00:02:00]} 36. Rf1 {[%clk 01:03:42]} {[%emt 00:02:19]}
Bc4 {[%clk 00:13:03]} {[%emt 00:01:10]} 37. Re1 {[%clk 01:04:11]} {[%emt
00:00:01]} Re7 {[%clk 00:09:31]} {[%emt 00:04:02]} 38. Qc2 {[%clk 01:04:17]}
{[%emt 00:00:24]} Bd5 {[%clk 00:09:41]} {[%emt 00:00:20]} 39. Qc1 {[%clk
01:03:43]} {[%emt 00:01:04]} Qf6 {[%clk 00:09:12]} {[%emt 00:00:59]} 40. Rc2
{[%clk 01:03:03]} {[%emt 00:01:10]} Qg5 {[%clk 00:08:37]} {[%emt 00:01:05]} 41.
Qd1 {[%clk 00:58:20]} {[%emt 00:05:13]} f5 {[%clk 00:05:42]} {[%emt 00:03:25]}
42. Qe2 {[%clk 00:57:36]} 1/2-1/2

[Event "ODJM B 2023"]
[Site "Willingen GER"]
[Date "2023.05.31"]
[Round "6"]
[White "Mainka, Ingmar"]
[Black "Groessing, Daniel-Yosuke"]
[Result "0-1"]
[Termination "normal"]
[Board "5"]
[WhiteElo "1546"]
[BlackElo "1615"]
[WhiteClock "01:31:17"]
[BlackClock "00:58:23"]
[PlyCount "102"]
[WhiteFideId "16254937"]
[BlackFideId "1682237"]
[EventCountry "GER"]
[EventRounds "9"]
[EventType "swiss"]
[EventDate "2023.05.27"]

1. e4 {[%clk 01:30:58]} e6 {[%clk 01:30:49]} {[%emt 00:00:12]} 2. d4 {[%clk
01:31:25]} {[%emt 00:00:03]} d5 {[%clk 01:31:17]} {[%emt 00:00:03]} 3. Nc3
{[%clk 01:31:51]} {[%emt 00:00:03]} Nf6 {[%clk 01:31:40]} {[%emt 00:00:07]} 4.
e5 {[%clk 01:31:39]} {[%emt 00:00:42]} Nfd7 {[%clk 01:32:04]} {[%emt 00:00:06]}
5. f4 {[%clk 01:31:56]} {[%emt 00:00:14]} c5 {[%clk 01:32:26]} {[%emt
00:00:07]} 6. Nf3 {[%clk 01:32:20]} {[%emt 00:00:06]} Nc6 {[%clk 01:32:52]}
{[%emt 00:00:04]} 7. Be3 {[%clk 01:32:35]} {[%emt 00:00:15]} cxd4 {[%clk
01:32:55]} {[%emt 00:00:27]} 8. Nxd4 {[%clk 01:32:36]} {[%emt 00:00:29]} Qb6
{[%clk 01:33:06]} {[%emt 00:00:19]} 9. Rb1 {[%clk 01:31:13]} {[%emt 00:01:53]}
Bc5 {[%clk 01:31:10]} {[%emt 00:02:26]} 10. Na4 {[%clk 01:28:41]} {[%emt
00:03:02]} Qa5+ {[%clk 01:30:21]} {[%emt 00:01:18]} 11. c3 {[%clk 01:29:05]}
{[%emt 00:00:06]} Bxd4 {[%clk 01:24:46]} {[%emt 00:06:06]} 12. Bxd4 {[%clk
01:29:25]} {[%emt 00:00:10]} Nxd4 {[%clk 01:25:02]} {[%emt 00:00:14]} 13. Qxd4
{[%clk 01:29:49]} {[%emt 00:00:07]} b5 {[%clk 01:23:43]} {[%emt 00:01:49]} 14.
Nc5 {[%clk 01:30:12]} {[%emt 00:00:06]} Qxa2 {[%clk 01:23:34]} {[%emt
00:00:39]} 15. Bd3 {[%clk 01:30:35]} {[%emt 00:00:07]} O-O {[%clk 01:23:16]}
{[%emt 00:00:48]} 16. O-O {[%clk 01:30:43]} {[%emt 00:00:22]} Nxc5 {[%clk
01:22:05]} {[%emt 00:01:42]} 17. Qxc5 {[%clk 01:31:07]} {[%emt 00:00:05]} a6
{[%clk 01:21:33]} {[%emt 00:01:01]} 18. Qb4 {[%clk 01:31:08]} {[%emt 00:00:31]}
Qa4 {[%clk 01:19:43]} {[%emt 00:02:13]} 19. Qxa4 {[%clk 01:30:38]} {[%emt
00:01:06]} bxa4 {[%clk 01:20:09]} {[%emt 00:00:05]} 20. Ra1 {[%clk 01:30:59]}
{[%emt 00:00:08]} Bd7 {[%clk 01:19:54]} {[%emt 00:00:45]} 21. Bc2 {[%clk
01:31:08]} {[%emt 00:00:22]} Rab8 {[%clk 01:17:04]} {[%emt 00:03:20]} 22. Rfb1
{[%clk 01:31:31]} {[%emt 00:00:06]} g6 {[%clk 01:14:31]} {[%emt 00:03:03]} 23.
Bxa4 {[%clk 01:31:28]} {[%emt 00:00:33]} Bxa4 {[%clk 01:11:08]} {[%emt
00:03:53]} 24. Rxa4 {[%clk 01:31:53]} {[%emt 00:00:05]} Rb6 {[%clk 01:10:54]}
{[%emt 00:00:45]} 25. c4 {[%clk 01:30:33]} {[%emt 00:01:49]} dxc4 {[%clk
01:09:20]} {[%emt 00:02:05]} 26. Rxc4 {[%emt 00:00:11]} Rfb8 {[%clk 01:09:32]}
{[%emt 00:00:12]} 27. Ra4 {[%clk 01:30:59]} {[%emt 00:00:28]} Rb4 {[%clk
01:09:10]} {[%emt 00:00:53]} 28. Rxb4 {[%clk 01:29:15]} {[%emt 00:02:14]} Rxb4
{[%clk 01:09:34]} {[%emt 00:00:06]} 29. g3 {[%clk 01:29:41]} {[%emt 00:00:05]}
Kf8 {[%clk 01:09:54]} {[%emt 00:00:09]} 30. Kf2 {[%clk 01:28:23]} {[%emt
00:01:47]} g5 {[%clk 01:09:00]} {[%emt 00:01:24]} 31. Kf3 {[%clk 01:27:17]}
{[%emt 00:01:36]} Kg7 {[%clk 01:08:11]} {[%emt 00:01:20]} 32. h4 {[%clk
01:25:37]} {[%emt 00:02:10]} gxf4 {[%clk 01:07:26]} {[%emt 00:01:15]} 33. gxf4
{[%clk 01:26:03]} {[%emt 00:00:05]} Kg6 {[%clk 01:07:33]} {[%emt 00:00:22]} 34.
Kg4 {[%clk 01:25:30]} {[%emt 00:01:02]} h5+ {[%clk 01:07:27]} {[%emt 00:00:36]}
35. Kg3 {[%clk 01:25:28]} {[%emt 00:00:33]} Kf5 {[%clk 01:07:16]} {[%emt
00:00:40]} 36. Ra1 {[%clk 01:25:49]} {[%emt 00:00:09]} Rb3+ {[%clk 01:07:28]}
{[%emt 00:00:18]} 37. Kg2 {[%clk 01:26:12]} {[%emt 00:00:07]} Rxb2+ {[%clk
01:07:50]} {[%emt 00:00:09]} 38. Kg3 {[%clk 01:26:38]} {[%emt 00:00:03]} Rb3+
{[%clk 01:07:45]} {[%emt 00:00:35]} 39. Kg2 {[%clk 01:27:03]} {[%emt 00:00:05]}
Kg4 {[%clk 01:06:23]} {[%emt 00:01:49]} 40. Rxa6 {[%clk 01:27:18]} {[%emt
00:00:19]} Rf3 {[%clk 01:04:20]} {[%emt 00:02:29]} 41. Ra8 {[%clk 01:27:23]}
{[%emt 00:00:29]} Rxf4 {[%clk 01:04:25]} {[%emt 00:00:25]} 42. Rg8+ {[%clk
01:27:46]} {[%emt 00:00:08]} Kxh4 {[%clk 01:04:31]} {[%emt 00:00:23]} 43. Kh2
{[%clk 01:28:10]} {[%emt 00:00:05]} Rg4 {[%clk 01:03:48]} {[%emt 00:01:11]} 44.
Rf8 {[%clk 01:28:34]} {[%emt 00:00:09]} Rg7 {[%clk 01:03:45]} {[%emt 00:00:32]}
45. Rh8 {[%clk 01:28:58]} {[%emt 00:00:07]} Kg5 {[%clk 01:03:13]} {[%emt
00:01:01]} 46. Kh3 {[%clk 01:29:24]} {[%emt 00:00:05]} Kg6 {[%clk 01:02:30]}
{[%emt 00:01:11]} 47. Kh4 {[%clk 01:29:49]} {[%emt 00:00:07]} Kf5 {[%clk
00:57:13]} {[%emt 00:05:47]} 48. Rxh5+ {[%clk 01:30:14]} {[%emt 00:00:05]} Kf4
{[%clk 00:57:33]} {[%emt 00:00:08]} 49. Kh3 {[%clk 01:30:36]} {[%emt 00:00:09]}
Rg5 {[%clk 00:57:39]} {[%emt 00:00:23]} 50. Rh7 {[%clk 01:30:58]} {[%emt
00:00:10]} Rf5 {[%clk 00:58:01]} {[%emt 00:00:06]} 51. Kg2 {[%clk 01:31:17]}
{[%emt 00:00:12]} Kxe5 {[%clk 00:58:23]} {[%emt 00:00:09]} 0-1

[Event "ODJM B 2023"]
[Site "Willingen GER"]
[Date "2023.05.31"]
[Round "6"]
[White "Khanbekyan, Areg"]
[Black "Selzer, Luca"]
[Result "1-0"]
[Termination "normal"]
[Board "6"]
[WhiteElo "1606"]
[BlackElo "1472"]
[WhiteClock "00:09:22"]
[BlackClock "00:56:47"]
[PlyCount "81"]
[WhiteFideId "12993727"]
[BlackFideId "34660364"]
[EventCountry "GER"]
[EventRounds "9"]
[EventType "swiss"]
[EventDate "2023.05.27"]

1. e4 {[%clk 01:30:49]} {[%emt 00:00:10]} d5 {[%clk 01:30:57]} {[%emt
00:00:04]} 2. exd5 {[%clk 01:30:55]} {[%emt 00:00:24]} Qxd5 {[%clk 01:31:24]}
{[%emt 00:00:03]} 3. Nc3 {[%clk 01:30:48]} {[%emt 00:00:37]} Qa5 {[%clk
01:31:49]} {[%emt 00:00:06]} 4. d4 {[%clk 01:30:19]} {[%emt 00:00:58]} c6
{[%clk 01:31:52]} {[%emt 00:00:28]} 5. Nf3 {[%clk 01:29:22]} {[%emt 00:01:26]}
Nf6 {[%clk 01:32:06]} {[%emt 00:00:17]} 6. Bc4 {[%clk 01:29:11]} {[%emt
00:00:41]} Bg4 {[%clk 01:30:06]} {[%emt 00:02:29]} 7. Bd2 {[%clk 01:22:28]}
{[%emt 00:07:13]} Qc7 {[%clk 01:29:58]} {[%emt 00:00:38]} 8. h3 {[%clk
01:22:16]} {[%emt 00:00:42]} Bxf3 {[%clk 01:29:58]} {[%emt 00:00:31]} 9. Qxf3
{[%clk 01:22:14]} {[%emt 00:00:31]} Nbd7 {[%clk 01:30:03]} {[%emt 00:00:26]}
10. O-O-O {[%clk 01:21:20]} {[%emt 00:01:23]} e6 {[%clk 01:29:57]} {[%emt
00:00:36]} 11. Bf4 {[%clk 01:19:08]} {[%emt 00:02:41]} Qa5 {[%clk 01:22:25]}
{[%emt 00:08:04]} 12. a3 {[%clk 01:08:35]} {[%emt 00:11:03]} Nd5 {[%clk
01:21:00]} {[%emt 00:01:54]} 13. Ne4 {[%clk 00:57:37]} {[%emt 00:11:28]} N7b6
{[%clk 01:12:34]} {[%emt 00:08:57]} 14. Bxd5 {[%clk 00:51:47]} {[%emt
00:06:20]} Qxd5 {[%clk 01:10:33]} {[%emt 00:02:31]} 15. Rhe1 {[%clk 00:46:31]}
{[%emt 00:05:45]} Be7 {[%clk 01:10:09]} {[%emt 00:00:55]} 16. Qg3 {[%clk
00:46:15]} {[%emt 00:00:45]} Qf5 {[%clk 01:05:34]} {[%emt 00:05:05]} 17. Bd6
{[%clk 00:41:51]} {[%emt 00:04:55]} Qg6 {[%clk 01:05:39]} {[%emt 00:00:25]} 18.
Bxe7 {[%clk 00:23:03]} {[%emt 00:19:17]} Qxg3 {[%clk 01:06:00]} {[%emt
00:00:09]} 19. Nxg3 {[%clk 00:23:01]} {[%emt 00:00:32]} Kxe7 {[%clk 01:06:25]}
{[%emt 00:00:06]} 20. Nf5+ {[%clk 00:23:12]} {[%emt 00:00:19]} Kd7 {[%clk
01:04:21]} {[%emt 00:02:34]} 21. Ne3 {[%clk 00:23:01]} {[%emt 00:00:40]} h5
{[%clk 01:03:31]} {[%emt 00:01:20]} 22. c4 {[%clk 00:23:02]} {[%emt 00:00:29]}
Rh6 {[%clk 01:03:20]} {[%emt 00:00:41]} 23. d5 {[%clk 00:22:24]} {[%emt
00:01:09]} cxd5 {[%clk 01:03:36]} {[%emt 00:00:14]} 24. cxd5 {[%clk 00:22:49]}
{[%emt 00:00:04]} Rc8+ {[%clk 01:03:45]} {[%emt 00:00:21]} 25. Kb1 {[%clk
00:23:07]} {[%emt 00:00:12]} Nxd5 {[%clk 01:03:23]} {[%emt 00:00:53]} 26. Nxd5
{[%clk 00:23:29]} {[%emt 00:00:08]} exd5 {[%clk 01:03:49]} {[%emt 00:00:03]}
27. Rxd5+ {[%clk 00:23:48]} {[%emt 00:00:11]} Kc6 {[%clk 01:02:43]} {[%emt
00:01:37]} 28. Ree5 {[%clk 00:23:12]} {[%emt 00:01:05]} Rch8 {[%clk 01:01:11]}
{[%emt 00:02:03]} 29. Rf5 {[%clk 00:16:57]} {[%emt 00:06:44]} g6 {[%clk
01:00:52]} {[%emt 00:00:49]} 30. Rc5+ {[%clk 00:16:38]} {[%emt 00:00:49]} Kd6
{[%clk 01:00:28]} {[%emt 00:00:55]} 31. Rfd5+ {[%clk 00:16:40]} {[%emt
00:00:28]} Ke6 {[%clk 01:00:42]} {[%emt 00:00:16]} 32. Rd3 {[%clk 00:15:54]}
{[%emt 00:01:14]} R6h7 {[%clk 00:59:57]} {[%emt 00:01:16]} 33. Rc7 {[%clk
00:15:58]} {[%emt 00:00:25]} f5 {[%clk 01:00:07]} {[%emt 00:00:22]} 34. Rdc3
{[%clk 00:11:31]} {[%emt 00:04:57]} Kd6 {[%clk 00:59:04]} {[%emt 00:01:33]} 35.
R7c4 {[%clk 00:10:33]} {[%emt 00:01:27]} Rf8 {[%clk 00:58:41]} {[%emt
00:00:54]} 36. Rd3+ {[%clk 00:09:46]} {[%emt 00:01:16]} Ke6 {[%clk 00:58:52]}
{[%emt 00:00:19]} 37. Rcd4 {[%clk 00:10:05]} {[%emt 00:00:11]} Rg7 {[%clk
00:57:05]} {[%emt 00:02:17]} 38. Rd6+ {[%clk 00:08:54]} {[%emt 00:01:41]} Ke7
{[%clk 00:56:33]} {[%emt 00:01:02]} 39. Rd7+ {[%clk 00:08:53]} {[%emt
00:00:31]} Kf6 {[%clk 00:56:58]} {[%emt 00:00:05]} 40. R3d6+ {[%clk 00:09:09]}
{[%emt 00:00:14]} Ke5 {[%clk 00:56:47]} {[%emt 00:00:41]} 41. f4+ {[%clk
00:09:22]} {[%emt 00:00:17]} 1-0

[Event "ODJM B 2023"]
[Site "Willingen GER"]
[Date "2023.05.31"]
[Round "6"]
[White "Storm, Max"]
[Black "Hoffmann, Alexander"]
[Result "1-0"]
[Termination "normal"]
[Board "7"]
[WhiteElo "1703"]
[BlackElo "1568"]
[WhiteClock "00:02:53"]
[BlackClock "00:04:04"]
[PlyCount "167"]
[WhiteFideId "34625658"]
[BlackFideId "16240219"]
[EventCountry "GER"]
[EventRounds "9"]
[EventType "swiss"]
[EventDate "2023.05.27"]

1. e4 {[%clk 01:30:57]} {[%emt 00:00:02]} e5 {[%clk 01:30:54]} {[%emt
00:00:06]} 2. Nf3 {[%clk 01:31:23]} {[%emt 00:00:04]} Nc6 {[%clk 01:31:17]}
{[%emt 00:00:07]} 3. Bb5 {[%clk 01:31:49]} {[%emt 00:00:04]} a6 {[%clk
01:31:41]} {[%emt 00:00:07]} 4. Bxc6 {[%clk 01:32:14]} {[%emt 00:00:05]} dxc6
{[%clk 01:31:59]} {[%emt 00:00:12]} 5. O-O {[%clk 01:32:38]} {[%emt 00:00:05]}
f6 {[%clk 01:31:57]} {[%emt 00:00:31]} 6. d4 {[%clk 01:32:36]} {[%emt
00:00:32]} exd4 {[%clk 01:29:11]} {[%emt 00:03:17]} 7. Nxd4 {[%clk 01:32:58]}
{[%emt 00:00:08]} Bc5 {[%clk 01:23:45]} {[%emt 00:05:57]} 8. Nb3 {[%clk
01:31:30]} {[%emt 00:01:56]} Qxd1 {[%clk 01:22:40]} {[%emt 00:01:36]} 9. Rxd1
{[%clk 01:31:51]} {[%emt 00:00:09]} Bb6 {[%clk 01:22:15]} {[%emt 00:00:55]} 10.
Nc3 {[%clk 01:27:49]} {[%emt 00:04:31]} Bd7 {[%clk 01:01:55]} {[%emt 00:20:51]}
11. Bf4 {[%clk 01:24:43]} {[%emt 00:03:34]} O-O-O {[%clk 01:00:39]} {[%emt
00:01:48]} 12. Na4 {[%clk 01:22:07]} {[%emt 00:03:06]} Ne7 {[%clk 00:54:37]}
{[%emt 00:06:33]} 13. Nbc5 {[%clk 01:17:23]} {[%emt 00:05:12]} Ba7 {[%clk
00:46:29]} {[%emt 00:08:39]} 14. Rd3 {[%clk 01:06:57]} {[%emt 00:10:55]} b5
{[%clk 00:38:38]} {[%emt 00:08:22]} 15. Nxd7 {[%clk 00:52:34]} {[%emt
00:14:53]} Rxd7 {[%clk 00:38:04]} {[%emt 00:01:05]} 16. Rxd7 {[%clk 00:50:56]}
{[%emt 00:02:07]} Kxd7 {[%clk 00:38:24]} {[%emt 00:00:10]} 17. Nc3 {[%clk
00:49:32]} {[%emt 00:01:53]} Re8 {[%clk 00:34:25]} {[%emt 00:04:30]} 18. Re1
{[%clk 00:38:17]} {[%emt 00:11:44]} Ng6 {[%clk 00:29:59]} {[%emt 00:04:57]} 19.
Be3 {[%clk 00:38:11]} {[%emt 00:00:36]} Bxe3 {[%clk 00:28:44]} {[%emt
00:01:46]} 20. Rxe3 {[%clk 00:38:31]} {[%emt 00:00:10]} Ne5 {[%clk 00:28:20]}
{[%emt 00:00:53]} 21. f3 {[%clk 00:36:27]} {[%emt 00:02:33]} Ke6 {[%clk
00:27:09]} {[%emt 00:01:42]} 22. b3 {[%clk 00:34:19]} {[%emt 00:02:38]} Rd8
{[%clk 00:24:42]} {[%emt 00:02:57]} 23. Kf2 {[%clk 00:32:00]} {[%emt 00:02:48]}
Ng6 {[%clk 00:17:48]} {[%emt 00:07:25]} 24. g3 {[%clk 00:29:39]} {[%emt
00:02:51]} Ne5 {[%clk 00:15:10]} {[%emt 00:03:09]} 25. Re2 {[%clk 00:28:14]}
{[%emt 00:01:53]} g5 {[%clk 00:11:56]} {[%emt 00:03:45]} 26. f4 {[%clk
00:20:10]} {[%emt 00:08:34]} Nf7 {[%clk 00:11:41]} {[%emt 00:00:45]} 27. Ke3
{[%clk 00:19:14]} {[%emt 00:01:24]} Nd6 {[%clk 00:08:08]} {[%emt 00:04:05]} 28.
Rd2 {[%clk 00:17:50]} {[%emt 00:01:53]} Re8 {[%clk 00:07:00]} {[%emt 00:01:39]}
29. Kf3 {[%clk 00:13:57]} {[%emt 00:04:22]} h5 {[%clk 00:05:17]} {[%emt
00:02:14]} 30. h3 {[%clk 00:09:05]} {[%emt 00:05:22]} Rf8 {[%clk 00:04:23]}
{[%emt 00:01:24]} 31. Nd1 {[%clk 00:08:43]} {[%emt 00:00:51]} Nb7 {[%clk
00:03:48]} {[%emt 00:01:07]} 32. Ne3 {[%clk 00:08:09]} {[%emt 00:01:04]} Nd6
{[%clk 00:03:29]} {[%emt 00:00:49]} 33. c4 {[%clk 00:06:31]} {[%emt 00:02:07]}
Rc8 {[%clk 00:01:56]} {[%emt 00:02:03]} 34. c5 {[%clk 00:05:35]} {[%emt
00:01:26]} Nf7 {[%clk 00:01:36]} {[%emt 00:00:50]} 35. Nf5 {[%clk 00:05:11]}
{[%emt 00:00:54]} Rg8 {[%clk 00:01:47]} {[%emt 00:00:19]} 36. Nd4+ {[%clk
00:05:06]} {[%emt 00:00:34]} Kd7 {[%clk 00:01:06]} {[%emt 00:01:12]} 37. Nxb5+
{[%clk 00:05:14]} {[%emt 00:00:22]} Kc8 {[%clk 00:00:58]} {[%emt 00:00:39]} 38.
Nc3 {[%clk 00:04:36]} {[%emt 00:01:07]} g4+ {[%clk 00:01:07]} {[%emt 00:00:21]}
39. hxg4 {[%clk 00:03:50]} {[%emt 00:01:16]} hxg4+ {[%clk 00:01:36]} {[%emt
00:00:01]} 40. Kg2 {[%clk 00:02:15]} {[%emt 00:02:05]} Re8 {[%clk 00:01:32]}
{[%emt 00:00:35]} 41. Rd4 {[%clk 00:28:55]} {[%emt 00:03:48]} Nd8 {[%clk
00:26:21]} {[%emt 00:05:42]} 42. b4 {[%clk 00:26:14]} {[%emt 00:03:10]} Ne6
{[%clk 00:24:17]} {[%emt 00:02:35]} 43. Rd2 {[%clk 00:25:54]} {[%emt 00:00:49]}
Nd8 {[%clk 00:20:42]} {[%emt 00:04:06]} 44. Kf2 {[%clk 00:24:51]} {[%emt
00:01:31]} Nf7 {[%clk 00:19:08]} {[%emt 00:02:06]} 45. Rd4 {[%clk 00:20:04]}
{[%emt 00:05:16]} Rh8 {[%clk 00:15:33]} {[%emt 00:04:07]} 46. Ke3 {[%clk
00:17:57]} {[%emt 00:02:34]} Nd8 {[%clk 00:10:31]} {[%emt 00:05:33]} 47. e5
{[%clk 00:15:28]} {[%emt 00:02:59]} Ne6 {[%clk 00:09:55]} {[%emt 00:01:07]} 48.
Rd3 {[%clk 00:15:23]} {[%emt 00:00:34]} f5 {[%clk 00:07:47]} {[%emt 00:02:39]}
49. Ne2 {[%clk 00:13:12]} {[%emt 00:02:41]} Rh3 {[%clk 00:06:27]} {[%emt
00:01:51]} 50. Rd2 {[%clk 00:11:00]} {[%emt 00:02:40]} Rh2 {[%clk 00:06:17]}
{[%emt 00:00:41]} 51. Kd3 {[%clk 00:10:12]} {[%emt 00:01:17]} Kd7 {[%clk
00:05:19]} {[%emt 00:01:29]} 52. Kc3+ {[%clk 00:09:02]} {[%emt 00:01:40]} Ke8
{[%clk 00:04:26]} {[%emt 00:01:24]} 53. Nc1 {[%clk 00:06:29]} {[%emt 00:03:01]}
Rxd2 {[%emt 00:03:35]} 54. Kxd2 {[%clk 00:06:56]} {[%emt 00:00:01]} Kd7 {[%clk
00:01:39]} {[%emt 00:00:15]} 55. Kd3 {[%clk 00:06:14]} {[%emt 00:01:12]} Ng7
{[%clk 00:01:48]} {[%emt 00:00:21]} 56. Ne2 {[%clk 00:05:34]} {[%emt 00:01:10]}
Ke6 {[%clk 00:01:30]} {[%emt 00:00:48]} 57. Kc4 {[%clk 00:05:20]} {[%emt
00:00:44]} Ke7 {[%clk 00:01:17]} {[%emt 00:00:44]} 58. Nd4 {[%clk 00:03:15]}
{[%emt 00:02:34]} Kd7 {[%clk 00:01:46]} {[%emt 00:00:01]} 59. a4 {[%clk
00:02:36]} {[%emt 00:01:10]} Ke8 {[%clk 00:01:56]} {[%emt 00:00:19]} 60. Nxc6
{[%clk 00:01:18]} {[%emt 00:01:48]} Nh5 {[%clk 00:02:25]} 61. Nd4 {[%clk
00:01:23]} {[%emt 00:00:25]} Nxg3 {[%clk 00:02:45]} {[%emt 00:00:10]} 62. b5
{[%clk 00:01:23]} {[%emt 00:00:30]} axb5+ {[%clk 00:01:30]} {[%emt 00:01:45]}
63. Kxb5 {[%clk 00:01:52]} {[%emt 00:00:01]} Kd8 {[%clk 00:01:38]} {[%emt
00:00:22]} 64. a5 {[%clk 00:02:03]} {[%emt 00:00:20]} Kc8 {[%clk 00:02:07]}
{[%emt 00:00:01]} 65. a6 {[%clk 00:01:50]} {[%emt 00:00:43]} Nh5 {[%clk
00:00:55]} {[%emt 00:01:42]} 66. Kc6 {[%clk 00:01:21]} {[%emt 00:00:58]} Kb8
{[%clk 00:01:17]} {[%emt 00:00:08]} 67. e6 {[%clk 00:01:03]} {[%emt 00:00:48]}
g3 {[%clk 00:00:48]} {[%emt 00:00:59]} 68. e7 {[%clk 00:01:10]} {[%emt
00:00:24]} Nf6 {[%clk 00:00:58]} {[%emt 00:00:19]} 69. Nf3 {[%clk 00:00:53]}
{[%emt 00:00:47]} g2 {[%clk 00:01:03]} {[%emt 00:00:25]} 70. Ng1 {[%clk
00:00:50]} {[%emt 00:00:33]} Ne8 {[%clk 00:00:36]} {[%emt 00:00:58]} 71. Kd7
{[%clk 00:01:04]} {[%emt 00:00:15]} Nf6+ {[%emt 00:00:24]} 72. Kd8 {[%clk
00:01:11]} {[%emt 00:00:02]} Ka7 {[%clk 00:01:19]} {[%emt 00:00:15]} 73. e8=Q
{[%clk 00:00:55]} {[%emt 00:00:45]} Nxe8 {[%clk 00:01:48]} {[%emt 00:00:01]}
74. Kxe8 {[%clk 00:01:17]} {[%emt 00:00:08]} Kxa6 {[%clk 00:02:15]} {[%emt
00:00:03]} 75. Kd7 {[%clk 00:01:39]} {[%emt 00:00:09]} Kb5 {[%clk 00:01:39]}
{[%emt 00:01:06]} 76. c6 {[%clk 00:02:03]} {[%emt 00:00:05]} Kc5 {[%clk
00:01:43]} {[%emt 00:00:26]} 77. Kxc7 {[%clk 00:01:55]} {[%emt 00:00:38]} Kd4
{[%clk 00:02:12]} {[%emt 00:00:01]} 78. Kd6 {[%clk 00:02:00]} {[%emt 00:00:25]}
Ke3 {[%clk 00:02:37]} {[%emt 00:00:05]} 79. c7 {[%clk 00:02:08]} {[%emt
00:00:22]} Kxf4 {[%clk 00:03:04]} {[%emt 00:00:03]} 80. c8=Q {[%clk 00:02:24]}
{[%emt 00:00:14]} Kg3 {[%clk 00:03:24]} {[%emt 00:00:10]} 81. Qxf5 {[%clk
00:02:34]} {[%emt 00:00:19]} Kh2 {[%clk 00:03:39]} {[%emt 00:00:16]} 82. Nf3+
{[%clk 00:02:47]} {[%emt 00:00:16]} Kg3 {[%clk 00:04:02]} {[%emt 00:00:08]} 83.
Ke5 {[%clk 00:02:49]} {[%emt 00:00:27]} Kf2 {[%clk 00:04:04]} {[%emt 00:00:29]}
84. Nh4+ {[%clk 00:02:53]} {[%emt 00:00:25]} 1-0